LEADER 01076nam a2200241 i 4500 001 000000063620 003 CaOOAMICUS 005 20040616000000.0 008 040616s1960 it u000 u ita u 013 $a34792 040 $aSeMil$bita 100 1 $aSchiavo, Armando.$0(OLS)http://semarc/name/32158 245 10$aSan Pietro in Vaticano :$bforme e strutture /$cArmando Schiavo. 260 $aRoma :$bIstituto di studi romani,$ccopyr. 1960. 300 $a96 p., [13] p. di tav. :$bill. ;$c25 cm. 490 0 $aQuaderni di storia dell'arte ;$v9. 650 4$aCittà del Vaticano - Chiese - Basilica di San Pietro in Vaticano - Architettura.$0(OLS)http://semarc/subject/5785 830 0$aQuaderni di storia dell'arte ;$v9.$0(OLS)http://semarc/title/15584 850 $aSeMil 852 $aSeMil$W1$xVenegono$y1$m5J VI 114$j29773$B29773$CSeMilBibl$Z2$F29776 $81 961 $aOmaggio: Deposito 996 $6245$aSan Pietro in Vaticano :$bforme e strutture$9(OLS)http://semarc/title/100555 996 $6260$aRoma :$bIstituto di studi romani$9(OLS)http://semarc/publisher/31798 LEADER 01137nam a2200241 i 4500 001 000000065109 003 CaOOAMICUS 005 20130504000000.0 008 130504s1965 xx u000 u fre u 013 $a36281 040 $aSeMil$bita 100 1 $aBraceland, Francis James.$0(OLS)http://semarc/name/31660 245 10$aMariage et célibat /$cF. J. Braceland... et les participants du 3. Congès de l'Association catholique internationale d'études médico-psycologiques. 260 $aParis :$bLes Éditions du Cerf,$c1965. 300 $a287 p. ;$c22 cm. 490 0 $aCogitatio Fidei [Cerf]v14 650 4$aCelibato ecclesiastico.$0(OLS)http://semarc/subject/1627 700 1 $aAssociation catholique internationale d'études médico-psychologiques (A.C.I.E.M.P.).$0(OLS)http://semarc/name/32755 830 0$aCogitatio Fidei ;$v14.$0(OLS)http://semarc/title/206 850 $aSeMil 852 $aSeMil$W1$xVenegono$y1$m2BA N 14$j31262$B31262$CSeMilBibl$Z2$F31265 $81 996 $6245$aMariage et célibat$9(OLS)http://semarc/title/99443 996 $6260$aParis :$bLes Éditions du Cerf$9(OLS)http://semarc/publisher/29611